000 01096nam a2200301 i 4500
003 EG-GICUC
005 20260121101223.0
008 251115s1997 ua ||||fr|||| 00| 0 ara d
020 _a9770420735
040 _a EG-GICUC
_bara
_c EG-GICUC
_d EG-GICUC
_erda
041 0 _hara
082 0 4 _221
_a345.2451
_bج ا . ن
092 0 4 _221
099 _aLaw1 07 345.2451 ج ا . ن 1997
100 0 _aجابر جاد نصار
_eمؤلف.
245 1 2 _aالنظام القانوني للعمدة في ظل قانون تعيين العمد /
_cدكـتور جابر جاد نصار.
264 1 _aالقاهرة :
_bدار النهضة العربية ،
_c1997.
300 _a159 صفحة ؛
_c24 سم.
336 _2rda content
_atext
337 _2rda media
_aComputer
338 _2rda carrier
_aOnline Resource
504 _aيشتمل على إرجاعات ببليوجرافية
546 _aالنص باللغة العربية
650 1 _aالقانون الإداري
856 4 0 _uhttps://fll.law.cu.edu.eg/fulltext/bks/B07-00349.pdf
905 _a33
942 _2ddc
_cBK
_e21
_n0
999 _c43355
_d43355